| 000 | 00867nmc a2200337 a 4500 | ||
|---|---|---|---|
| 003 | AR-BaBNM | ||
| 005 | 20251128210911.0 | ||
| 008 | 291020s2000 ||||||||||||||000 | spa|| | ||
| 020 | _a950-739-839-2 | ||
| 040 | _cAR-BaBNM | ||
| 100 | 0 |
_aAgustín _cSanto, Obispo de Hipona _d354-430 |
|
| 245 | 1 | 0 | _aConfesiones |
| 260 |
_aBuenos Aires _bErrepar _c2000 |
||
| 300 | 0 |
_a215 p. _bil. |
|
| 490 | 0 |
_aClásicos de bolsillo _vv. 48 |
|
| 650 | 4 | _aTEOLOGIA | |
| 650 | 4 | _aCRISTIANISMO | |
| 650 | 4 | _aESPIRITUALISMO | |
| 650 | 4 | _aTEORIA DEL CONOCIMIENTO | |
| 650 | 4 | _aVALORES MORALES | |
| 650 | 4 | _aFILOSOFIA DEL ESPIRITU | |
| 650 | 4 | _aRELIGION | |
| 650 | 4 | _aBIOGRAFIAS | |
| 653 | 0 | _aFILOSOFIA MEDIEVAL | |
| 653 | 0 | _aNEOPLATONISMO | |
| 653 | 0 | _aEXEGESIS | |
| 655 | _aLITERATURA | ||
| 700 | 1 |
_aAlarcón, Mario _etraductor |
|
| 942 | _cBK | ||
| 998 | _cMARTIN | ||
| 999 |
_c17371 _d17371 |
||